US States by Phonetic Name Quiz Stats

Quiz Updated Aug 30, 2012

Challenge
Share
Tweet
Embed
Score 0/50 Timer 04:00
6 Plays Today
Phonetic Spelling State % Correct
ˈflɒrɪdəFlorida
99.2%
ˈmɪʃɪɡənMichigan
98.8%
nəˈvædəNevada
96.5%
həˈwaɪ.iːHawaii
96.4%
ˈtɛksəsTexas
96.2%
wɪsˈkɒnsɪnWisconsin
95.4%
ˌkælɪˈfɔrnjəCalifornia
95.4%
ˈdɛləwɛərDelaware
95.3%
ˈmɛrələndMaryland
95.2%
mɪˈzʊəri / mɪˈzʊərəMissouri
95.1%
kɪnˈtʌkiKentucky
94.2%
luːˌiːziˈænəLouisiana
94.2%
nuː ˈmɛksɪkoʊNew Mexico
93.9%
ˌoʊkləˈhoʊməOklahoma
93.8%
ˌæləˈbæməAlabama
93.5%
ˌsaʊθ dəˈkoʊtəSouth Dakota
93.1%
ˈkænzəsKansas
93%
əˈlæskəAlaska
92.8%
oʊˈhaɪ.oʊOhio
92.8%
ˌmɪsɪˈsɪpiMississippi
92.8%
ˌnɔrθ kærəˈlaɪnəNorth Carolina
92.7%
ˈaɪ.ɵwəIowa
92.6%
nuː ˈhæmpʃərNew Hampshire
92.6%
ˌsaʊθ kærəˈlaɪnəSouth Carolina
92.5%
waɪˈoʊmɪŋWyoming
92.4%
Phonetic Spelling State % Correct
ˌpɛnsɪlˈveɪnjəPennsylvania
91.2%
mɒnˈtænəMontana
89.9%
vərˈdʒɪnjəVirginia
89.6%
ˈɑrkənsɔːArkansas
89.4%
vərˈmɒntVermont
88.9%
ˌnɔrθ dəˈkoʊtəNorth Dakota
87.6%
ˈmeɪnMaine
87.5%
ˈwɒʃɪŋtənWashington
84.8%
ˌtɛnɪˈsiːTennessee
84.5%
ˈaɪdəhoʊIdaho
83.7%
ˌmɪnɪˈsoʊtəMinnesota
82.9%
nuː ˈjɔrkNew York
82.7%
ˌɪndiˈænəIndiana
82.1%
ɪlɪˈnɔɪIllinois
81.8%
ˌkɒləˈrædoʊColorado
81.5%
ˈɒrɪɡənOregon
81.5%
nuː ˈdʒɜrziNew Jersey
81.4%
ˌwɛst vərˈdʒɪnjəWest Virginia
78%
kəˈnɛtɪkətConnecticut
74.8%
ˌærɪˈzoʊnəArizona
74.5%
nəˈbræskəNebraska
71.4%
ˌmæsəˈtʃuːsɪtsMassachusetts
70.5%
rɵd ˈaɪləndRhode Island
63.2%
ˈdʒɔrdʒəGeorgia
63%
ˈjuːtɔːUtah
41.5%

You're not logged in!

Compare scores with friends on all Sporcle quizzes.
Sign Up with Email
OR
Log In

You Might Also Like...

Show Comments

Extras

Top Quizzes Today


Score Distribution

Your Account Isn't Verified!

In order to create a playlist on Sporcle, you need to verify the email address you used during registration. Go to your Sporcle Settings to finish the process.